000 00311nam a22001337a 4500
008 170621b xxu||||| |||| 00| 0 eng d
020 _a9780897897433
041 _aeng
080 _a94
100 _a16
101 _aSHH
245 _aCRITICAL EDUCATION AGAINST GLOBAL CAPITALISM
_cALLMAN,P
942 _2udc
_cBK
999 _c18422
_d18422